|
|
|
|
| LEADER |
00000nam a22000007a 4500 |
| 008 |
171026b2016 cr ||||| |||| 00| | spa d |
| 999 |
|
|
|c 3457
|d 3457
|
| 090 |
|
|
|a 18.01.01
|b 2415
|
| 100 |
1 |
|
|9 3257
|a Brenes Solórzano, Irene
|
| 245 |
1 |
0 |
|a Marco general de la política nacional sobre género, ciencia, tecnología e innovación desde la perspectiva de las y los actores /
|c Irene Brenes Solórzano
|
| 260 |
|
|
|a [San José, Costa Rica] :
|c 2016
|
| 300 |
|
|
|a 50 páginas;
|b ilustraciones
|
| 500 |
|
|
|a Informe realizado por la consultoría contratada por la Comisión de Seguimiento del XI Congreso Iberoamericano de Ciencia, Tecnología y Género, realizado en Costa Rica en el 2016.
|
| 650 |
1 |
4 |
|9 37
|a CIENCIA Y TECNOLOGÍA
|
| 650 |
1 |
4 |
|9 69
|a GÉNERO
|
| 650 |
1 |
4 |
|9 958
|a POLÍTICA GUBERNAMENTAL
|
| 942 |
|
|
|i 004349
|h 18.01.01 2415
|2 z
|c 01
|